Library Banner

Wayward monks and the religious revolution of the eleventh century / (Record no. 92972)

MARC details
000 -LEADER
fixed length control field 00611cam a2200181 a 4500
001 - CONTROL NUMBER
control field 2581971
005 - DATE AND TIME OF LATEST TRANSACTION
control field 20170427113406.0
008 - FIXED-LENGTH DATA ELEMENTS--GENERAL INFORMATION
fixed length control field 961112s1997 ne b 001 0 eng
020 ## - INTERNATIONAL STANDARD BOOK NUMBER
International Standard Book Number 9004107223 (cloth : alk. paper)
040 ## - CATALOGING SOURCE
Transcribing agency PK-LaUMT
082 00 - DEWEY DECIMAL CLASSIFICATION NUMBER
Classification number 271.009409021
Edition number 21
Item number JES-W
100 1# - MAIN ENTRY--PERSONAL NAME
Personal name Jestice, Phyllis G.
245 10 - TITLE STATEMENT
Title Wayward monks and the religious revolution of the eleventh century /
Statement of responsibility, etc by Phyllis G. Jestice
260 ## - PUBLICATION, DISTRIBUTION, ETC. (IMPRINT)
Place of publication, distribution, etc Leiden ;
-- New York :
Name of publisher, distributor, etc Brill,
Date of publication, distribution, etc 1997
300 ## - PHYSICAL DESCRIPTION
Extent x, 309 p. ;
Dimensions 25 cm.
650 #0 - SUBJECT ADDED ENTRY--TOPICAL TERM
Topical term or geographic name as entry element Monasticism and religious orders
Geographic subdivision Europe
General subdivision History
Chronological subdivision Middle Ages, 600-1500.
942 ## - ADDED ENTRY ELEMENTS (KOHA)
Koha item type Books
Holdings
Withdrawn status Lost status Damaged status Home library Current library Date acquired Full call number Barcode Date last seen Price effective from Koha item type
      UMT Main Campus UMT Main Campus 2017-04-27 271.009409021 JES-W 107838 2017-04-27 2017-04-27 Books